• 首页
  • 本馆介绍
  • 公告通知
  • 最新文献
  • 馆藏检索
  • 电子资源
  • 读者导购
  • 参考咨询
  • 我的图书馆
  • 登录
  • 详细信息显示
  • 放入我的书架
  • 预约/预借图书
  • 作者相关作品
  • 分类相关作品
  • 丛书相关作品
  • 出版社相关作品

书目信息

  • 表格格式
  • 工作单格式
  • 卡片格式
题名:
国际视野——本土行动:比较教育的若干思考
    
 
作者: 徐辉 著
分册:  
出版信息: 合肥   安徽教育出版社  2007
页数: 350页
开本: 23cm
丛书名: 中国中青年教育学者自选集
单 册:
中图分类: G51-53
科图分类:
主题词: 国际教育--文集 , 国际教育
电子资源:
ISBN: 978-7-5336-4807-7
000 00931oam2 2200253 45
005 20100303142726.25
010    @a978-7-5336-4807-7@dCNY46.00
100    @a20100121d20072008em y0chiy0120 ea
101 0  @achi@aeng
102    @aCN@b340000
105    @ac z 000yy
106    @ar
200 1  @a国际视野——本土行动:比较教育的若干思考@AGuo Ji Shi Ye—— Ben Tu Xing Dong : Bi Jiao Jiao Yu De Ruo Gan Si Kao@f徐辉著@FXu Hui Zhu
210    @a合肥@c安徽教育出版社@d2007@h2008
215    @a350页@c肖像@d23cm
225 2  @a中国中青年教育学者自选集@h第一辑
330    @a本书共分六编,介绍了比较教育学科建设、西方现代教育理论、高等教育比较研究、基础教育比较研究、教师教育比较研究、国际教育交流与合作。
461  0 @12001 @a中国中青年教育学者自选集@h第一辑
606 0  @a国际教育@j文集
606 0  @a国际教育
690    @aG51-53@v4
701  0 @a徐辉@AXu Hui@4著
801  0 @aCN@bTANGWEI@c20100303
905    @b0585485-89@dG51-53@e69@f5
    
    国际视野——本土行动:比较教育的若干思考/徐辉著.-合肥:安徽教育出版社,2007(2008)
    350页:肖像;23cm.-(中国中青年教育学者自选集.第一辑)
    
    
    ISBN 978-7-5336-4807-7:CNY46.00
    本书共分六编,介绍了比较教育学科建设、西方现代教育理论、高等教育比较研究、基础教育比较研究、教师教育比较研究、国际教育交流与合作。
●
相关链接 在E读中查询图书 在五车中查询图书 在当当中查询图书 在豆瓣中查询图书


正题名:国际视野——本土行动:比较教育的若干思考     索取号:G51-53/69         预约/预借

序号 登录号 条形码 馆藏地/架位号 状态 备注
1 0585485   205854850   第一样本阅览室/ [索取号:G51-53/69] 在馆    
2 0585486   205854869   教育系资料室/ [索取号:G51-53/69] 在馆    
3 0585487   205854878   第四借阅区/ [索取号:G51-53/69] 在馆    
4 0585488   205854887   密集书库-海洋学院/ [索取号:G51-53/69] 在馆    
5 0585489   205854896   第四借阅区/ [索取号:G51-53/69] 在馆    
唐山师范学院图书馆 欢迎您!
大连网信软件有限公司© 版权所有